000 01392nam a2200361 a 4500
001 ebr10103791
003 CaPaEBR
006 m u
007 cr cn|||||||||
008 030505s2003 enk sb 001 0 eng
010 _z 2003050916
020 _z0333945700 (cloth)
020 _z0333945689 (pbk.)
040 _aCaPaEBR
_cCaPaEBR
035 _a(OCoLC)70737765
043 _an-us---
_ae-uk---
050 1 4 _aHQ1190
_b.B79 2003eb
082 0 4 _a305.42/01
_221
100 1 _aBryson, Valerie,
_d1948-
245 1 0 _aFeminist political theory
_h[electronic resource] :
_ban introduction /
_cValerie Bryson ; consultant editor, Jo Campling.
250 _a2nd ed.
260 _aHoundmills, Basingstoke, Hampshire ;
_aNew York :
_bPalgrave Macmillan,
_c2003.
300 _aix, 281 p.
504 _aIncludes bibliographical references (p. 253-274) and index.
533 _aElectronic reproduction.
_bPalo Alto, Calif. :
_cebrary,
_d2013.
_nAvailable via World Wide Web.
_nAccess may be limited to ebrary affiliated libraries.
650 0 _aFeminist theory.
650 0 _aPolitical science.
650 0 _aFeminism
_zUnited States.
650 0 _aFeminism
_zGreat Britain.
655 7 _aElectronic books.
_2local
710 2 _aebrary, Inc.
856 4 0 _uhttp://site.ebrary.com/lib/rucke/Doc?id=10103791
_zAn electronic book accessible through the World Wide Web; click to view
999 _c102232
_d102232